| 000 | 00366cam a22001217a 4500 | ||
|---|---|---|---|
| 008 | 180718b1959 xxu||||| |||| 00| 0 eng d | ||
| 082 | _aA99 Az11 K112 | ||
| 245 |
_aMaulana Abul Kalam Azad: a memorial volume _cedited by Humayun Kabir |
||
| 260 |
_aBombay _bAsia Pub. House _c1959 |
||
| 300 | _a241p. | ||
| 650 | _aAzad, Abul Kalam, 1888-1958 | ||
| 700 | _aKabir, Humayun | ||
| 999 |
_c370995 _d370995 |
||